[Event "36th Balaton Open A 2018"]
[Site "Balatonlelle"]
[Date "2018.06.19"]
[Round "8"]
[White "Terbe, Julianna"]
[Black "Tancsa, Tamas"]
[Result "1-0"]
[WhiteElo "2242"]
[BlackElo "1965"]
[Annotator "NA"]
[PlyCount "165"]
[EventDate "2018.06.12"]
[EventType "swiss"]
[EventCountry "HUN"]
[SourceTitle "playchess.com"]
[Source "ChessBase"]
[SourceQuality "1"]
[TimeControl "40/5400+30:1800+30"]

1. e4 {[%emt 0:00:03]} e5 {[%emt 0:00:57]} 2. Nf3 {[%emt 0:00:06]} Nc6 {[%emt 0:00:37]} 3. Bb5 {[%emt 0:00:03]} a6 {[%emt 0:00:38]} 4. Ba4 {[%emt 0:00:06]} d6 {[%emt 0:00:30]} 5. c3 {[%emt 0:00:36]} f5 {[%emt 0:00:30]} 6. exf5 {[%emt 0:00:30]} Bxf5 {[%emt 0:00:24]} 7. O-O {[%emt 0:00:07]} Bd3 {[%emt 0:00:23] C74: Spanische Partie (Moderne Steinitz-Verteidigung)} 8. Qb3 {[%emt 0:00:06]} (8. Re1 Be7 9. Bc2 Bxc2 10. Qxc2 Nf6 11. Ng5 Qd7 12. d4 exd4 13. Ne6 Ne5 14. Nxg7+ Kf7 15. Nf5 Rag8 16. Qb3+ Ke8 17. cxd4 Qxf5 18. dxe5 Ng4 19. Re2 Nxe5 20. Qxb7 {0-1 (48) Neiksans,A (2582)-Fressinet,L (2662) chess.com INT 2018}) 8... b5 {[%emt 0:01:12]} 9. Qd5 {[%emt 0:00:12]} Nd4 {[%emt 0:00:52]} 10. cxd4 {[%emt 0:00:13]} Ne7 {[%emt 0:00:29]} 11. Qe6 {[%emt 0:00:42]} Bxf1 {[%emt 0:02:56]} 12. Bb3 {[%emt 0:00:38]} Bc4 {[%emt 0:00:37]} 13. Bxc4 {[%emt 0:00:03]} bxc4 {[%emt 0:00:15]} 14. dxe5 {[%emt 0:00:04]} Qd7 {[%emt 0:00:57]} 15. Qxc4 {[%emt 0:00:37]} Qc6 $146 {[%emt 0:02:43]} 16. Qf1 {[%emt 0:00:12]} Ng6 {[%emt 0:00:49]} 17. d4 {[%emt 0:10:13]} dxe5 {[%emt 0:00:23]} 18. dxe5 {[%emt 0:00:05]} Bc5 {[%emt 0:00:16]} 19. Nc3 {[%emt 0:00:49]} Bb6 {[%emt 0:02:05]} 20. Qe2 {[%emt 0:13:28]} O-O {[%emt 0:01:37]} 21. Be3 {[%emt 0:00:08]} Rae8 {[%emt 0:10:09]} 22. Bxb6 {[%emt 0:02:11]} Qxb6 {[%emt 0:00:11]} 23. Qc4+ {[%emt 0:06:31]} Kh8 {[%emt 0:00:27]} 24. Na4 {[%emt 0:02:03]} Qb5 {[%emt 0:01:49]} 25. Qxb5 $15 {[%emt 0:00:52]} axb5 {[%emt 0:00:01]} 26. Nc5 {[%emt 0:00:08]} Rf5 27. Nd7 {[%emt 0:05:33]} Rf7 {[%emt 0:12:51]} 28. e6 {[%emt 0:08:15]} Rfe7 {[%emt 0:01:02]} 29. Nd4 {[%emt 0:04:10]} Nf8 {[%emt 0:06:12]} 30. Nc5 {[%emt 0:00:28]} Nxe6 {[%emt 0:16:59]} 31. Ndxe6 {[%emt 0:00:17]} Rxe6 {[%emt 0:00:12]} 32. Nxe6 {[%emt 0:00:04]} Rxe6 {[%emt 0:00:11]} 33. Kf1 {[%emt 0:00:22]} Rc6 {[%emt 0:00:20]} 34. Rd1 {[%emt 0:00:31]} Kg8 {[%emt 0:00:07]} 35. Ke2 {[%emt 0:00:05]} Kf7 {[%emt 0:00:28]} 36. f4 {[%emt 0:01:00]} Kf6 {[%emt 0:00:55]} 37. g4 {[%emt 0:00:20]} g5 {[%emt 0:14:07]} 38. fxg5+ {[%emt 0:10:33]} Kxg5 {[%emt 0:00:13]} 39. Kf3 {[%emt 0:00:16]} b4 {[%emt 0:04:52]} 40. Rd4 {[%emt 0:00:00]} b3 {[%emt 0:00:59]} 41. axb3 {[%emt 0:03:18]} Rc2 {[%emt 0:00:27]} 42. h4+ {[%emt 0:00:14]} Kf6 {[%emt 0:09:11]} 43. Rf4+ {[%emt 0:01:03]} Ke6 {[%emt 0:01:14]} 44. Re4+ {[%emt 0:00:26]} Kd5 {[%emt 0:04:22]} 45. Re7 {[%emt 0:04:04]} h6 {[%emt 0:03:13]} 46. Rh7 {[%emt 0:03:20]} Rxb2 {[%emt 0:01:48]} 47. Rxh6 {[%emt 0:00:05]} Ke5 {[%emt 0:00:48]} 48. Rh5+ {[%emt 0:00:40]} Kf6 {[%emt 0:00:44]} 49. Rb5 {[%emt 0:00:25]} Rd2 {[%emt 0:02:37]} 50. h5 {[%emt 0:01:01]} Rd3+ {[%emt 0:03:05]} 51. Kf4 {[%emt 0:00:06]} Rd4+ {[%emt 0:00:22]} 52. Kg3 {[%emt 0:00:04]} c6 {[%emt 0:00:28]} 53. Rf5+ {[%emt 0:00:20]} Kg7 {[%emt 0:00:29]} 54. Kh4 {[%emt 0:00:08]} Rb4 {[%emt 0:05:54]} 55. Rc5 {[%emt 0:01:21]} Rxb3 {[%emt 0:00:21]} 56. Rxc6 {[%emt 0:00:06]} Rb4 {[%emt 0:00:40]} 57. Rg6+ {[%emt 0:00:04]} Kh7 {[%emt 0:00:22]} 58. Rg5 {[%emt 0:00:54]} Kh6 {[%emt 0:00:27]} 59. Re5 {[%emt 0:00:26]} Ra4 {[%emt 0:00:12]} 60. Re6+ {[%emt 0:00:12]} Kh7 {[%emt 0:00:17]} 61. Kg5 {[%emt 0:00:39]} Ra1 {[%emt 0:00:38]} 62. Re5 {[%emt 0:00:59]} Ra6 {[%emt 0:00:15]} 63. Re7+ {[%emt 0:01:33]} Kg8 {[%emt 0:00:10]} 64. h6 {[%emt 0:00:12]} Ra5+ {[%emt 0:02:38]} 65. Kg6 {[%emt 0:00:12]} Ra6+ {[%emt 0:00:17]} 66. Kh5 {[%emt 0:00:04]} Ra5+ {[%emt 0:01:00]} 67. g5 {[%emt 0:00:05]} Rb5 {[%emt 0:00:12]} 68. Kg4 {[%emt 0:00:26]} Rb6 {[%emt 0:00:16]} 69. Kf5 {[%emt 0:00:07]} Rb1 {[%emt 0:03:38]} 70. g6 {[%emt 0:07:37]} Rf1+ {[%emt 0:00:04]} 71. Ke6 {[%emt 0:00:04]} Re1+ {[%emt 0:00:12]} 72. Kd6 {[%emt 0:01:07]} Rd1+ {[%emt 0:00:04]} 73. Kc5 {[%emt 0:00:07]} Rc1+ {[%emt 0:00:02]} 74. Kd4 {[%emt 0:00:05]} Rd1+ {[%emt 0:00:02]} 75. Kc3 {[%emt 0:00:04]} Rc1+ {[%emt 0:00:03]} 76. Kd2 {[%emt 0:00:04]} Rc8 {[%emt 0:00:07]} 77. Ke3 {[%emt 0:00:46]} Ra8 {[%emt 0:00:29]} 78. Kf4 {[%emt 0:00:35]} Rb8 {[%emt 0:00:13]} 79. Re5 {[%emt 0:00:01]} Kh8 {[%emt 0:02:54]} 80. Kg5 {[%emt 0:00:09]} Rg8 {[%emt 0:01:42]} 81. Kh5 {[%emt 0:00:19]} Ra8 {[%emt 0:02:14]} 82. h7 {[%emt 0:00:39]} Rb8 {[%emt 0:01:08]} 83. Kh6 {[%emt 0:00:06]} 1-0

[Event "36th Balaton Open A 2018"]
[Site "Balatonlelle"]
[Date "2018.06.19"]
[Round "8"]
[White "Suta, Andraz"]
[Black "Nagy, Daniel"]
[Result "0-1"]
[WhiteElo "2239"]
[BlackElo "2312"]
[Annotator "NA"]
[PlyCount "134"]
[EventDate "2018.06.12"]
[EventType "swiss"]
[EventCountry "HUN"]
[SourceTitle "playchess.com"]
[Source "ChessBase"]
[SourceQuality "1"]
[TimeControl "40/5400+30:1800+30"]

1. e4 {[%emt 0:00:05]} c5 {[%emt 0:00:37]} 2. Nf3 {[%emt 0:00:04]} d6 {[%emt 0:00:06]} 3. d4 {[%emt 0:00:04]} cxd4 {[%emt 0:00:05]} 4. Nxd4 {[%emt 0:00:01]} Nf6 {[%emt 0:00:13]} 5. Nc3 {[%emt 0:00:06]} a6 {[%emt 0:00:05]} 6. Bc4 {[%emt 0:00:06]} e6 {[%emt 0:00:08]} 7. Bb3 {[%emt 0:00:37]} Nbd7 {[%emt 0:00:18]} 8. f4 {[%emt 0:00:06]} Nc5 {[%emt 0:00:19]} 9. f5 {[%emt 0:00:03]} Be7 {[%emt 0:00:26]} 10. Qf3 {[%emt 0:00:49]} O-O {[%emt 0:00:25]} 11. Be3 {[%emt 0:00:58]} Qc7 {[%emt 0:00:39] B86: Sicilian Scheveningen/Najdorf: 6 Bc4, without early ...b5} 12. g4 {[%emt 0:07:57]} b5 $146 {[%emt 0:01:16]} (12... d5 13. exd5 Nxb3 14. axb3 Nxd5 15. Nxd5 Bh4+ 16. Kd2 exd5 17. g5 Re8 {½-½ (41) Danin,A (2540)-Engel,L (2389) Karlsruhe 2018}) 13. g5 {[%emt 0:06:31]} Nfxe4 {[%emt 0:00:41]} 14. Nxe4 {[%emt 0:00:34]} Bb7 {[%emt 0:00:05]} 15. f6 {[%emt 0:00:38]} Bxe4 {[%emt 0:01:44]} 16. fxe7 {[%emt 0:01:15]} Qxe7 {[%emt 0:06:28]} 17. Qf1 {[%emt 0:02:00]} Bxh1 {[%emt 0:01:52]} 18. Qxh1 {[%emt 0:00:27]} Rac8 {[%emt 0:06:29]} 19. O-O-O {[%emt 0:04:46]} Qc7 {[%emt 0:02:10]} 20. Qg2 {[%emt 0:02:47]} d5 {[%emt 0:02:43]} 21. Kb1 $11 {[%emt 0:02:09]} Rfe8 {[%emt 0:18:48]} 22. Bc1 {[%emt 0:05:34]} Qd7 {[%emt 0:07:01]} 23. Qe2 {[%emt 0:15:55]} b4 {[%emt 0:25:45]} 24. h4 {[%emt 0:03:20]} a5 {[%emt 0:05:17]} 25. Qb5 {[%emt 0:06:43]} Qxb5 {[%emt 0:05:36]} 26. Nxb5 {[%emt 0:00:06]} Rb8 {[%emt 0:01:03]} 27. Nd6 {[%emt 0:14:26]} Red8 {[%emt 0:01:20]} 28. Bf4 {[%emt 0:01:47]} a4 {[%emt 0:01:02]} 29. Nf5 {[%emt 0:09:37]} axb3 {[%emt 0:03:41]} 30. Ne7+ {[%emt 0:00:44]} Kf8 {[%emt 0:01:46]} 31. Bxb8 {[%emt 0:00:08]} Kxe7 {[%emt 0:01:35]} 32. Bh2 {[%emt 0:01:35]} bxa2+ {[%emt 0:00:39]} 33. Kxa2 {[%emt 0:00:05]} f6 {[%emt 0:02:40]} 34. gxf6+ {[%emt 0:00:53]} gxf6 {[%emt 0:00:01]} 35. Rd4 {[%emt 0:00:38]} Ra8+ {[%emt 0:02:27]} 36. Kb1 {[%emt 0:00:08]} b3 {[%emt 0:01:15]} 37. cxb3 {[%emt 0:00:42]} Nxb3 {[%emt 0:00:20]} 38. Rg4 {[%emt 0:05:57]} Kf7 {[%emt 0:00:59]} 39. Rb4 {[%emt 0:00:08]} Nc5 {[%emt 0:00:39]} 40. Bg1 {[%emt 0:00:00]} Ne4 {[%emt 0:00:47]} 41. Rb7+ {[%emt 0:02:48]} Kg6 {[%emt 0:00:39]} 42. h5+ {[%emt 0:00:22]} Kxh5 {[%emt 0:02:33]} 43. Rxh7+ {[%emt 0:01:45]} Kg4 {[%emt 0:00:25]} 44. Ba7 {[%emt 0:01:35]} e5 {[%emt 0:01:32]} 45. b4 {[%emt 0:03:21]} d4 {[%emt 0:03:27]} 46. Kc2 {[%emt 0:00:20]} Nc3 {[%emt 0:03:22]} 47. Kb3 {[%emt 0:08:50]} f5 {[%emt 0:06:00]} 48. Rc7 {[%emt 0:08:36]} f4 {[%emt 0:02:55]} 49. Kc4 {[%emt 0:01:20]} f3 {[%emt 0:01:16]} 50. Bc5 {[%emt 0:04:08]} f2 {[%emt 0:02:57]} 51. Rf7 {[%emt 0:00:17]} Kg3 {[%emt 0:01:09]} 52. b5 {[%emt 0:00:05]} Nxb5 {[%emt 0:01:37]} 53. Kxb5 {[%emt 0:00:08]} Kg2 {[%emt 0:00:26]} 54. Rg7+ {[%emt 0:00:24]} Kf3 {[%emt 0:00:10]} 55. Rf7+ {[%emt 0:00:22]} Ke2 {[%emt 0:00:08]} 56. Kc4 {[%emt 0:01:04]} f1=Q {[%emt 0:00:42]} 57. Rxf1 {[%emt 0:00:06]} Kxf1 {[%emt 0:00:04]} 58. Bxd4 {[%emt 0:00:15]} Ra4+ {[%emt 0:00:12]} 59. Kc3 {[%emt 0:00:07]} Rxd4 {[%emt 0:00:11]} 60. Kc2 {[%emt 0:00:09]} e4 {[%emt 0:00:04]} 61. Kc3 {[%emt 0:00:24]} Rd8 {[%emt 0:00:16]} 62. Kc2 {[%emt 0:00:30]} e3 {[%emt 0:00:05]} 63. Kc1 {[%emt 0:00:05]} e2 {[%emt 0:00:04]} 64. Kc2 {[%emt 0:00:03]} e1=Q {[%emt 0:00:05]} 65. Kb2 {[%emt 0:00:04]} Qb4+ {[%emt 0:00:14]} 66. Kc2 {[%emt 0:00:11]} Rd2+ {[%emt 0:00:04]} 67. Kc1 {[%emt 0:00:03]} Qb2# {[%emt 0:00:03]} 0-1

[Event "36th Balaton Open A 2018"]
[Site "Balatonlelle"]
[Date "2018.06.19"]
[Round "8"]
[White "Kincs, Imre"]
[Black "Boguszlavszkij, Jevgenyij"]
[Result "0-1"]
[WhiteElo "2210"]
[BlackElo "2170"]
[Annotator "NA"]
[PlyCount "78"]
[EventDate "2018.06.12"]
[EventType "swiss"]
[EventCountry "HUN"]
[SourceTitle "playchess.com"]
[Source "ChessBase"]
[SourceQuality "1"]
[TimeControl "40/5400+30:1800+30"]

1. e4 {[%emt 0:06:16]} g6 {[%emt 0:03:38]} 2. d4 {[%emt 0:00:28]} c6 {[%emt 0:00:15]} 3. Nf3 {[%emt 0:05:06]} Bg7 {[%emt 0:00:53]} 4. h4 {[%emt 0:00:52]} d5 {[%emt 0:02:08]} 5. exd5 {[%emt 0:02:02]} Bg4 {[%emt 0:02:18]} 6. dxc6 {[%emt 0:00:48]} Nxc6 {[%emt 0:00:07]} 7. c3 {[%emt 0:01:13]} e5 {[%emt 0:01:33]} 8. d5 {[%emt 0:03:46]} e4 {[%emt 0:00:53]} 9. Be2 {[%emt 0:00:16]} exf3 {[%emt 0:06:50]} 10. gxf3 {[%emt 0:00:08]} Bd7 {[%emt 0:00:21]} 11. dxc6 {[%emt 0:00:14]} Bxc6 {[%emt 0:00:09]} 12. Qxd8+ {[%emt 0:00:13]} Rxd8 {[%emt 0:00:09]} 13. h5 {[%emt 0:00:14]} Ne7 {[%emt 0:04:09]} 14. Nd2 {[%emt 0:02:50]} O-O {[%emt 0:04:09]} 15. h6 {[%emt 0:00:07]} Bh8 {[%emt 0:00:42]} 16. Ne4 {[%emt 0:00:55]} Nd5 {[%emt 0:01:58]} 17. Bd2 {[%emt 0:01:49]} Nf6 {[%emt 0:16:24]} 18. Ng3 {[%emt 0:04:38]} Rfe8 {[%emt 0:00:38]} 19. O-O-O {[%emt 0:01:19]} Nh5 {[%emt 0:01:05]} 20. Nxh5 {[%emt 0:00:19]} Rxe2 {[%emt 0:00:13]} 21. Be3 {[%emt 0:00:10]} Re8 {[%emt 0:01:51]} 22. Rh3 {[%emt 0:02:45]} R2xe3 $15 {[%emt 0:01:37]} ({But not} 22... gxh5 $6 23. Rg1+ Kf8 24. Bc5+ R2e7 25. Rhg3 $11) 23. fxe3 {[%emt 0:00:02]} gxh5 {[%emt 0:00:18]} 24. Rg1+ {[%emt 0:01:16]} Kf8 {[%emt 0:00:08]} 25. e4 {[%emt 0:00:10]} Re5 {[%emt 0:12:46]} 26. Rhg3 {[%emt 0:01:13]} Bf6 {[%emt 0:00:32]} 27. Rg8+ {[%emt 0:00:02]} Ke7 {[%emt 0:00:09]} 28. R8g7 {[%emt 0:00:22]} h4 {[%emt 0:00:17]} 29. Rxh7 {[%emt 0:00:44]} Rh5 {[%emt 0:00:48]} 30. Rh1 {[%emt 0:02:08]} Kf8 {[%emt 0:04:24]} 31. Kd1 {[%emt 0:01:51]} Kg8 {[%emt 0:00:26]} 32. Rg7+ {[%emt 0:00:03]} Bxg7 {[%emt 0:00:11]} 33. hxg7 {[%emt 0:00:01]} Kxg7 {[%emt 0:00:12]} 34. Ke2 {[%emt 0:00:13]} Kf6 {[%emt 0:02:47]} 35. Ke3 {[%emt 0:00:15]} Ke5 {[%emt 0:01:29]} 36. Rh2 {[%emt 0:02:33]} h3 {[%emt 0:01:00]} 37. f4+ {[%emt 0:00:05]} Ke6 {[%emt 0:00:52]} 38. c4 {[%emt 0:02:26]} f5 {[%emt 0:00:31]} 39. e5 {[%emt 0:00:10]} Bg2 {[%emt 0:00:17]} 0-1

[Event "36th Balaton Open A 2018"]
[Site "Balatonlelle"]
[Date "2018.06.19"]
[Round "8"]
[White "Forgacs, Jozsef"]
[Black "Haszon, David"]
[Result "1-0"]
[WhiteElo "2199"]
[BlackElo "2246"]
[Annotator "NA"]
[PlyCount "93"]
[EventDate "2018.06.12"]
[EventType "swiss"]
[EventCountry "HUN"]
[SourceTitle "playchess.com"]
[Source "ChessBase"]
[SourceQuality "1"]
[TimeControl "40/5400+30:1800+30"]

1. c4 {[%emt 0:00:30]} Nf6 {[%emt 0:00:58]} 2. d4 {[%emt 0:00:28]} g6 {[%emt 0:00:32]} 3. Nf3 {[%emt 0:00:13]} Bg7 {[%emt 0:00:34]} 4. Nc3 {[%emt 0:00:05]} d5 {[%emt 0:00:34]} 5. cxd5 {[%emt 0:00:06]} Nxd5 {[%emt 0:00:09]} 6. e4 {[%emt 0:00:05]} Nxc3 {[%emt 0:00:11]} 7. bxc3 {[%emt 0:00:05]} O-O {[%emt 0:00:36]} 8. Be2 {[%emt 0:00:17]} c5 {[%emt 0:00:54]} 9. O-O {[%emt 0:00:12]} b6 {[%emt 0:02:48]} 10. Be3 {[%emt 0:06:49]} Bb7 {[%emt 0:03:41]} 11. Qd3 {[%emt 0:05:11]} Qc7 {[%emt 0:11:32]} 12. Rac1 {[%emt 0:06:49]} e6 {[%emt 0:03:35]} 13. d5 {[%emt 0:08:00]} exd5 {[%emt 0:01:05]} 14. exd5 {[%emt 0:01:52]} Nd7 {[%emt 0:01:20]} 15. c4 {[%emt 0:03:20]} Nf6 {[%emt 0:04:01]} 16. Qd2 {[%emt 0:08:13]} Ne4 {[%emt 0:02:02]} 17. Qc2 {[%emt 0:00:13]} Rae8 {[%emt 0:02:13]} 18. Bd3 $14 {[%emt 0:08:57]} Nd6 {[%emt 0:01:22]} 19. Bf4 {[%emt 0:00:17]} Qd7 {[%emt 0:12:03]} 20. Rfe1 {[%emt 0:03:07]} b5 {[%emt 0:23:26]} 21. cxb5 {[%emt 0:09:36]} c4 {[%emt 0:04:54]} 22. Bxc4 {[%emt 0:03:45]} Nxc4 {[%emt 0:01:24]} 23. Qxc4 {[%emt 0:00:26]} Bxd5 {[%emt 0:00:45]} 24. Qd3 {[%emt 0:03:02]} Qb7 {[%emt 0:01:39]} 25. a4 {[%emt 0:00:50]} Be4 {[%emt 0:01:27]} 26. Qa3 {[%emt 0:04:24]} Rc8 {[%emt 0:05:45]} 27. h3 {[%emt 0:09:34]} Qd5 {[%emt 0:01:29]} 28. Rxc8 {[%emt 0:04:20]} Rxc8 {[%emt 0:00:07]} 29. Qe3 {[%emt 0:00:14]} f5 {[%emt 0:03:19]} 30. Ng5 {[%emt 0:04:07]} Re8 {[%emt 0:03:24]} 31. Nxe4 {[%emt 0:03:36]} Rxe4 {[%emt 0:00:16]} 32. Qc1 {[%emt 0:00:05]} h6 {[%emt 0:02:23]} 33. Rxe4 {[%emt 0:02:52]} Qxe4 {[%emt 0:00:11]} 34. a5 {[%emt 0:00:26]} Qb4 {[%emt 0:01:31]} 35. Qc8+ {[%emt 0:02:42]} Kh7 {[%emt 0:00:07]} 36. Qc7 {[%emt 0:00:31]} g5 {[%emt 0:02:04]} 37. Be3 {[%emt 0:00:29]} Kg6 {[%emt 0:02:33]} 38. Qc6+ {[%emt 0:01:32]} Kh7 {[%emt 0:00:21]} 39. Qe6 {[%emt 0:00:34]} Qxb5 {[%emt 0:00:51]} 40. a6 {[%emt 0:00:00]} g4 {[%emt 0:01:30]} 41. hxg4 {[%emt 0:00:37]} fxg4 {[%emt 0:01:57]} 42. Qe4+ {[%emt 0:08:43]} Kg8 {[%emt 0:00:14]} 43. Qa8+ {[%emt 0:00:13]} Bf8 {[%emt 0:00:30]} 44. Bxh6 {[%emt 0:02:57]} Qb1+ {[%emt 0:02:49]} 45. Kh2 {[%emt 0:00:22]} g3+ {[%emt 0:00:07]} 46. fxg3 {[%emt 0:00:31]} Qh7 {[%emt 0:00:14]} 47. Qxf8# {[%emt 0:00:12]} 1-0

[Event "36th Balaton Open A 2018"]
[Site "Balatonlelle"]
[Date "2018.06.19"]
[Round "8"]
[White "Metaxasz, Vaszilisz"]
[Black "Bellan, Istvan"]
[Result "0-1"]
[WhiteElo "2047"]
[BlackElo "1875"]
[Annotator "NA"]
[PlyCount "133"]
[EventDate "2018.06.12"]
[EventType "swiss"]
[EventCountry "HUN"]
[SourceTitle "playchess.com"]
[Source "ChessBase"]
[SourceQuality "1"]
[TimeControl "40/5400+30:1800+30"]

1. d4 {[%emt 0:04:59]} Nf6 {[%emt 0:00:46]} 2. c4 {[%emt 0:00:15]} g6 {[%emt 0:00:14]} 3. Nc3 {[%emt 0:00:15]} d5 {[%emt 0:00:25]} 4. Nf3 {[%emt 0:06:43]} Bg7 {[%emt 0:00:13]} 5. Bf4 {[%emt 0:02:00]} dxc4 {[%emt 0:01:44]} 6. e3 {[%emt 0:00:17]} O-O {[%emt 0:00:15]} 7. Bxc4 {[%emt 0:00:20]} a6 {[%emt 0:00:34]} 8. a4 {[%emt 0:07:49]} c5 {[%emt 0:04:42]} 9. d5 {[%emt 0:07:54]} Qa5 {[%emt 0:00:58]} 10. O-O {[%emt 0:02:40]} Bf5 {[%emt 0:03:05] [#]} 11. Nd2 $1 {[%emt 0:08:29]} Qb4 {[%emt 0:16:40]} (11... Qb6 $16) 12. Ra2 {[%emt 0:10:09]} e5 {[%emt 0:03:39]} 13. Bxe5 $16 {[%emt 0:02:49]} Nbd7 {[%emt 0:04:07]} 14. Bd6 {[%emt 0:07:52]} Rfe8 {[%emt 0:01:10]} 15. Qb3 {[%emt 0:03:04]} Nb6 {[%emt 0:02:13]} 16. Rc1 {[%emt 0:02:14]} Nxc4 {[%emt 0:01:16]} 17. Qxc4 {[%emt 0:00:16]} Rac8 {[%emt 0:07:13]} 18. Bg3 {[%emt 0:05:31]} Nd7 {[%emt 0:05:38]} 19. a5 {[%emt 0:01:24]} Ne5 {[%emt 0:02:36]} 20. Bxe5 {[%emt 0:00:15]} Bxe5 {[%emt 0:00:20]} 21. Qe2 {[%emt 0:02:43]} Bd7 {[%emt 0:05:52]} 22. Nf3 {[%emt 0:07:04]} Bc7 {[%emt 0:05:00]} 23. Rca1 {[%emt 0:00:09]} f5 {[%emt 0:01:02]} 24. h3 {[%emt 0:01:03]} c4 {[%emt 0:01:07]} 25. Nd4 {[%emt 0:02:07]} Be5 {[%emt 0:03:10]} 26. Qd2 {[%emt 0:00:40]} Qd6 {[%emt 0:01:21]} 27. Rd1 {[%emt 0:01:44]} Rc5 {[%emt 0:01:45]} 28. f3 {[%emt 0:04:19]} Qc7 {[%emt 0:01:26]} 29. Rda1 {[%emt 0:00:09]} Qd8 {[%emt 0:02:08]} 30. e4 {[%emt 0:00:58]} Qh4 {[%emt 0:00:23]} 31. Nde2 {[%emt 0:01:45]} g5 {[%emt 0:04:16]} 32. Qe3 {[%emt 0:01:23]} Rc7 {[%emt 0:01:35]} 33. Qf2 {[%emt 0:03:06]} Qh6 {[%emt 0:01:23]} 34. exf5 {[%emt 0:00:11]} Bxf5 {[%emt 0:00:26]} 35. Ng3 {[%emt 0:00:17]} Bd3 {[%emt 0:01:12]} 36. Re1 {[%emt 0:01:12]} Rce7 {[%emt 0:00:49]} 37. Nge4 {[%emt 0:00:17]} Qg7 {[%emt 0:01:03]} 38. Kh1 {[%emt 0:00:13]} g4 {[%emt 0:03:22]} 39. Raa1 {[%emt 0:01:24]} gxh3 {[%emt 0:03:31]} 40. d6 {[%emt 0:00:00]} hxg2+ {[%emt 0:00:20]} 41. Qxg2 {[%emt 0:00:38]} Qxg2+ {[%emt 0:00:29]} 42. Kxg2 {[%emt 0:00:02]} Rg7+ {[%emt 0:00:19]} 43. Kh3 {[%emt 0:07:07]} Rf8 {[%emt 0:04:55]} 44. Rf1 {[%emt 0:08:32]} Bxf1+ {[%emt 0:05:23]} 45. Rxf1 {[%emt 0:00:05]} Bxd6 {[%emt 0:01:35]} 46. Nd5 {[%emt 0:02:46]} Be5 {[%emt 0:00:50]} 47. Rf2 {[%emt 0:00:03]} Rf5 {[%emt 0:03:33]} 48. Kh4 {[%emt 0:00:58]} Bxb2 {[%emt 0:02:53]} 49. Rxb2 {[%emt 0:00:09]} Rxf3 {[%emt 0:01:43]} 50. Nef6+ {[%emt 0:01:25]} Kf8 {[%emt 0:03:45]} 51. Nh5 {[%emt 0:09:25]} Rd7 {[%emt 0:01:18]} 52. Nhf6 {[%emt 0:00:40]} Rf7 {[%emt 0:00:40]} 53. Kg5 {[%emt 0:00:08]} Rg7+ {[%emt 0:00:57]} 54. Kh4 {[%emt 0:00:46]} Rf1 {[%emt 0:00:22]} 55. Rh2 {[%emt 0:00:42]} c3 {[%emt 0:00:29]} 56. Ng4 {[%emt 0:04:01]} Ra1 {[%emt 0:08:53]} 57. Nxc3 {[%emt 0:00:45]} Rxa5 {[%emt 0:00:23]} 58. Ne4 {[%emt 0:01:03]} Ra4 {[%emt 0:02:49]} 59. Re2 {[%emt 0:00:18]} Rf7 {[%emt 0:00:42]} 60. Kg5 {[%emt 0:00:28]} Ra5+ {[%emt 0:01:29]} 61. Kh6 {[%emt 0:00:32]} Ra1 {[%emt 0:01:35]} 62. Nef6 {[%emt 0:00:29]} Rh1+ {[%emt 0:00:26]} 63. Kg5 {[%emt 0:00:06]} h6+ {[%emt 0:01:37]} 64. Kf5 {[%emt 0:01:05]} Kg7 65. Ke6 h5 66. Ne8+ Kf8 67. Ngf6 {[%emt 0:00:50] Kg7 Ng4+ [%clk 0:01:50]} 0-1

[Event "36th Balaton Open A 2018"]
[Site "Balatonlelle"]
[Date "2018.06.19"]
[Round "8"]
[White "Vukovic, Ivo"]
[Black "Schmuck, Corentin"]
[Result "0-1"]
[WhiteElo "2031"]
[BlackElo "1925"]
[Annotator "NA"]
[PlyCount "83"]
[EventDate "2018.06.12"]
[EventType "swiss"]
[EventCountry "HUN"]
[SourceTitle "playchess.com"]
[Source "ChessBase"]
[SourceQuality "1"]
[TimeControl "40/5400+30:1800+30"]

1. e4 {[%emt 0:00:04]} e6 {[%emt 0:00:42]} 2. d3 {[%emt 0:00:14]} d5 {[%emt 0:00:57]} 3. Nd2 {[%emt 0:00:10]} c5 {[%emt 0:00:24]} 4. Ngf3 {[%emt 0:01:56]} Nc6 {[%emt 0:00:18]} 5. g3 {[%emt 0:00:29]} Bd6 {[%emt 0:02:25]} 6. Bg2 {[%emt 0:00:20]} Nge7 {[%emt 0:00:10]} 7. O-O {[%emt 0:00:26]} O-O {[%emt 0:00:21]} 8. c3 {[%emt 0:00:44]} b6 {[%emt 0:06:34]} 9. Re1 {[%emt 0:07:57]} Bc7 {[%emt 0:03:49]} 10. a3 {[%emt 0:03:56]} a5 {[%emt 0:03:09]} 11. Qc2 {[%emt 0:10:29]} b5 {[%emt 0:09:48]} 12. b3 {[%emt 0:05:34]} Bb7 {[%emt 0:22:11]} 13. Bb2 {[%emt 0:05:48]} Qd7 {[%emt 0:02:30]} 14. Rad1 {[%emt 0:04:25]} a4 {[%emt 0:07:21]} 15. b4 {[%emt 0:03:56]} cxb4 {[%emt 0:05:08]} 16. cxb4 {[%emt 0:00:10]} Bb6 {[%emt 0:01:02]} 17. Qb1 {[%emt 0:07:44]} Rac8 {[%emt 0:05:30]} 18. Qa1 {[%emt 0:02:46]} f6 {[%emt 0:10:12]} 19. Bh3 {[%emt 0:00:52]} d4 {[%emt 0:01:35]} 20. Qa2 {[%emt 0:01:39]} Nd8 {[%emt 0:00:08]} 21. Rc1 {[%emt 0:00:27]} Rxc1 {[%emt 0:05:16]} 22. Rxc1 {[%emt 0:00:12]} Kh8 {[%emt 0:00:07]} 23. Qa1 {[%emt 0:01:35]} Ndc6 {[%emt 0:00:28]} 24. Rc2 {[%emt 0:02:51]} Qd6 {[%emt 0:00:39]} 25. Qa2 {[%emt 0:02:22]} f5 {[%emt 0:00:40]} 26. Bg2 {[%emt 0:10:15]} Ng6 {[%emt 0:02:10]} 27. Ng5 {[%emt 0:07:37]} Nd8 {[%emt 0:01:02]} 28. f4 {[%emt 0:02:47]} h6 {[%emt 0:03:31]} 29. e5 {[%emt 0:00:40]} Qd7 {[%emt 0:00:38]} 30. Ngf3 {[%emt 0:00:23]} Ne7 {[%emt 0:00:32]} 31. Qa1 {[%emt 0:00:16]} Ndc6 {[%emt 0:00:31]} 32. Nf1 {[%emt 0:01:02]} Rc8 {[%emt 0:02:53]} 33. Kh1 {[%emt 0:01:37]} Ra8 {[%emt 0:02:24]} 34. h4 {[%emt 0:00:29]} Nd5 {[%emt 0:00:13]} 35. Qe1 {[%emt 0:02:59]} Ne3 {[%emt 0:00:11]} 36. Re2 {[%emt 0:01:43]} Nxg2 {[%emt 0:00:08]} 37. Kxg2 {[%emt 0:00:07]} Ne7 {[%emt 0:00:10]} 38. N1h2 {[%emt 0:01:07]} Rc8 {[%emt 0:00:08]} 39. Kh3 {[%emt 0:01:26]} Nd5 {[%emt 0:00:51]} 40. Qg1 {[%emt 0:00:00]} Ne3 {[%emt 0:02:44]} 41. Qa1 {[%emt 0:02:07]} h5 {[%emt 0:11:57]} 42. Bc1 0-1